[Event "Mediterranean-ch 13th"]
[Site "Platja d'Aro"]
[Date "2023.11.04"]
[Round "1"]
[White "Alexakis, Dimitris"]
[Black "Menac Comas, Joan Ramon"]
[Result "1-0"]
[WhiteElo "2458"]
[BlackElo "2044"]
[PlyCount "125"]
[EventDate "2023.11.04"]
[EventType "swiss"]
[EventRounds "9"]
[EventCountry "ESP"]
[SourceTitle "CB46_2023"]
[SourceDate "2023.11.15"]
[SourceVersion "1"]
[SourceVersionDate "2023.11.15"]
[SourceQuality "1"]

1. e4 c5 2. Nf3 g6 3. c4 Bg7 4. d4 cxd4 5. Nxd4 Nc6 6. Be3 Nf6 7. Nc3 0-0 8. Be2 d6 9. 0-0 Bd7 10. f3 Nxd4 11. Bxd4 a5 12. b3 Bc6 13. Qd2 Nd7 14. Bf2 Nc5 15. Rab1 e6 16. Bd1 f5 17. exf5 gxf5 18. a3 Qf6 19. Ne2 Rfd8 20. b4 axb4 21. axb4 Na4 22. Nd4 Be8 23. Bc2 Bf7 24. g4 Nb6 25. Qd3 e5 26. Nxf5 Bxc4 27. Qe3 Bxf1 28. Qxb6 Bc4 29. Bh4 Qf8 30. Be7 Qe8 31. Bxd8 Rxd8 32. Nxd6 Qd7 33. Nxc4 e4 34. Rd1 Qxd1+ 35. Bxd1 Bd4+ 36. Qxd4 Rxd4 37. Ne3 Rxb4 38. f4 Rb2 39. h4 b5 40. g5 b4 41. Kf1 Rh2 42. h5 Kf8 43. f5 b3 44. Bxb3 Rxh5 45. Bd5 Rxg5 46. Bxe4 h5 47. Kf2 Kf7 48. Kf3 Rg1 49. Kf4 h4 50. Ng4 h3 51. Bd5+ Kg7 52. f6+ Kg6 53. Be4+ Kf7 54. Kf5 Rf1+ 55. Kg5 h2 56. Bd5+ Kf8 57. Nxh2 Rd1 58. Bf3 Rd2 59. Ng4 Kf7 60. Kf5 Rb2 61. Ne5+ Kf8 62. Nd7+ Ke8 63. Ke6 1-0

[Event "ESP-ch Seniors 50"]
[Site "Altea"]
[Date "2021.11.06"]
[Round "8"]
[White "Menac Comas, Joan Ramon"]
[Black "Ruiz Bellon, Manuel"]
[Result "1-0"]
[WhiteElo "2084"]
[BlackElo "1973"]
[PlyCount "93"]
[EventDate "2021.10.31"]
[EventType "swiss"]
[EventRounds "9"]
[EventCountry "ESP"]
[SourceTitle "CBM 205 Extra"]
[Source "ChessBase"]
[SourceDate "2022.01.31"]
[SourceVersion "1"]
[SourceVersionDate "2022.01.31"]
[SourceQuality "1"]

1. Nf3 f5 2. g3 Nf6 3. Bg2 g6 4. b4 Bg7 5. Bb2 d6 6. 0-0 0-0 7. c4 a5 8. a3 e5 9. d3 Na6 10. Qb3 Qe8 11. Nbd2 Rb8 12. c5+ Be6 13. Nc4 h6 14. Nfd2 b5 15. cxb6 cxb6 16. Qc2 Qe7 17. b5 Nc7 18. a4 Bd5 19. Ba3 Rfd8 20. Rac1 Bxg2 21. Kxg2 Ne6 22. Nxe5 Kh7 23. Nc6 Qb7 24. Nf3 g5 25. Nxd8 Rxd8 26. Qc6 Qb8 27. Rc4 d5 28. Qxe6 dxc4 29. Qxf5+ Kh8 30. dxc4 Qb7 31. Kg1 Ne4 32. Ne5 Re8 33. Nc6 Nc3 34. e3 Qc7 35. Qf3 Qd7 36. c5 Rf8 37. Qh5 Qd5 38. cxb6 Rf3 39. Re1 Nd1 40. b7 Rxf2 41. b8Q+ Kh7 42. e4 Qd2 43. Rxd1 Rg2+ 44. Kh1 Rxh2+ 45. Qxh2 Qxd1+ 46. Qg1 Qf3+ 47. Qg2 1-0

[Event "EU-ch Seniors 50 17h"]
[Site "Sabadell"]
[Date "2017.08.17"]
[Round "6"]
[White "Menac Comas, Joan Ramon"]
[Black "Gayson, Peter"]
[Result "1-0"]
[WhiteElo "2012"]
[BlackElo "2161"]
[PlyCount "109"]
[EventDate "2017.08.12"]
[EventType "swiss"]
[EventRounds "9"]
[EventCountry "ESP"]
[SourceTitle "CBM 180 Extra"]
[Source "ChessBase"]
[SourceDate "2017.10.06"]
[SourceVersion "1"]
[SourceVersionDate "2017.10.06"]
[SourceQuality "1"]

1. Nf3 f5 2. g3 d6 3. Bg2 e5 4. d3 Nf6 5. 0-0 Be7 6. c4 Nc6 7. Nc3 0-0 8. Rb1 a5 9. a3 Kh8 10. b4 axb4 11. axb4 Be6 12. b5 Na5 13. Bd2 Bg8 14. Qc2 Qd7 15. c5 Nd5 16. Rfc1 Nxc3 17. Bxc3 Bd5 18. c6 bxc6 19. Bxa5 Rxa5 20. bxc6 Qe8 21. d4 exd4 22. Nxd4 Bxg2 23. Kxg2 Rc5 24. Qd3 f4 25. Ne6 Qxc6+ 26. f3 Rxc1 27. Nxf8 g6 28. Ne6 Kg8 29. Qd4 Kf7 30. Qxf4+ Kxe6 31. Rxc1 Qa6 32. Qe4+ Kd7 33. Rc2 c5 34. Rb2 Bf6 35. Rb7+ Kc8 36. Rxh7 Bd8 37. Qe6+ Kb8 38. Rd7 Bc7 39. Re7 c4 40. Qd5 Kc8 41. Qe6+ Kb7 42. Qd7 Qb6 43. Qxc7+ Qxc7 44. Rxc7+ Kxc7 45. Kf2 d5 46. Ke3 Kc6 47. h4 Kc5 48. g4 d4+ 49. Kd2 Kd5 50. e4+ Ke5 51. h5 gxh5 52. gxh5 d3 53. h6 Kf6 54. e5+ Kg6 55. e6 1-0

[Event "Barbera del Valles op 40th"]
[Site "Barbera del Valles"]
[Date "2017.07.11"]
[Round "8"]
[White "Gil Quilez, Sonia"]
[Black "Menac Comas, Joan Ramon"]
[Result "1-0"]
[WhiteElo "2158"]
[BlackElo "2035"]
[PlyCount "39"]
[EventDate "2017.07.04"]
[EventType "swiss"]
[EventRounds "9"]
[EventCountry "ESP"]
[SourceTitle "EXT 2018"]
[Source "ChessBase"]
[SourceDate "2017.10.13"]
[SourceVersion "1"]
[SourceVersionDate "2017.10.13"]
[SourceQuality "1"]

1. d4 d5 2. Bf4 g6 3. e3 Bg7 4. c4 Nf6 5. Nc3 c6 6. Nf3 0-0 7. Qb3 Qa5 8. Be2 Be6 9. Qxb7 Ne4 10. Bc7 Nd6 11. Bxd6 exd6 12. cxd5 cxd5 13. Qxa8 Qb6 14. Nxd5 Qxb2 15. Rd1 Qxa2 16. Nf4 Qa5+ 17. Nd2 Bb3 18. Rb1 Nd7 19. Qc6 Ba4 20. Qa6 1-0

[Event "Barbera del Valles op 40th"]
[Site "Barbera del Valles"]
[Date "2017.07.06"]
[Round "3"]
[White "Menac Comas, Joan Ramon"]
[Black "Diaz Rubi, Felipe"]
[Result "1-0"]
[WhiteElo "2035"]
[BlackElo "1962"]
[PlyCount "57"]
[EventDate "2017.07.04"]
[EventType "swiss"]
[EventRounds "9"]
[EventCountry "ESP"]
[SourceTitle "EXT 2018"]
[Source "ChessBase"]
[SourceDate "2017.10.13"]
[SourceVersion "1"]
[SourceVersionDate "2017.10.13"]
[SourceQuality "1"]

1. e4 c5 2. Nf3 Nc6 3. d4 cxd4 4. Nxd4 g6 5. c4 Bg7 6. Nc2 Nf6 7. Nc3 d6 8. Be2 Bd7 9. 0-0 0-0 10. Be3 Rc8 11. f3 a6 12. Qd2 Re8 13. Rfd1 Ne5 14. c5 dxc5 15. f4 Neg4 16. e5 Nxe3 17. Nxe3 Nh5 18. Bxh5 Qb6 19. Ncd5 Qa7 20. Bf3 Be6 21. Qf2 b5 22. a4 b4 23. b3 f6 24. Nc4 fxe5 25. fxe5 Rf8 26. Qh4 Rce8 27. Bg4 Bxd5 28. Rxd5 Rf4 29. Be6+ 1-0

[Event "La Pobla de Lillet op 27th"]
[Site "La Pobla de Lillet"]
[Date "2017.??.??"]
[Round "4"]
[White "Menac Comas, Joan Ramon"]
[Black "Simon Padros, Emili"]
[Result "0-1"]
[WhiteElo "2021"]
[BlackElo "2167"]
[PlyCount "108"]
[EventDate "2017.08.01"]
[EventType "tourn"]
[EventRounds "9"]
[EventCountry "ESP"]
[SourceTitle "CBM 179 Extra"]
[Source "ChessBase"]
[SourceDate "2017.08.23"]
[SourceVersion "1"]
[SourceVersionDate "2017.08.23"]
[SourceQuality "1"]

1. e4 e6 2. d3 c5 3. g3 Nc6 4. Bg2 g6 5. Nf3 Bg7 6. 0-0 Nge7 7. Re1 0-0 8. c3 d5 9. e5 h6 10. h4 Nf5 11. Bf4 Bd7 12. Nbd2 b5 13. c4 Nb4 14. Nf1 bxc4 15. dxc4 dxc4 16. g4 Ne7 17. Qd2 Bc6 18. Bxh6 Qxd2 19. Bxd2 Nc2 20. Ne3 Nxa1 21. Rxa1 Bd5 22. Bc3 Rad8 23. Rd1 Bxf3 24. Rxd8 Rxd8 25. Bxf3 Nd5 26. Ba5 Nb6 27. Nxc4 Rb8 28. Bxb6 axb6 29. a4 f6 30. g5 f5 31. Bc6 Rd8 32. f4 Rd4 33. Nxb6 Rxf4 34. Nd7 Rb4 35. a5 Rxb2 36. a6 Ra2 37. Bb5 Kf7 38. Bc4 Ra1+ 39. Kg2 Ke7 40. Nxc5 Bxe5 41. Nxe6 Ra4 42. Bb3 Rxa6 43. Nc5 Ra3 44. Bd1 Bd4 45. Nb3 Bb6 46. h5 gxh5 47. Kh3 f4 48. Kh4 f3 49. Kg3 f2 50. Kg2 h4 51. g6 h3+ 52. Kf1 h2 53. Bf3 Rxb3 54. g7 Rb1+ 0-1

[Event "Barcelona Sants op-A18th"]
[Site "Barcelona"]
[Date "2016.08.19"]
[Round "1"]
[White "Menac Comas, Joan Ramon"]
[Black "Tate, Alan"]
[Result "0-1"]
[WhiteElo "2000"]
[BlackElo "2329"]
[PlyCount "68"]
[EventDate "2016.08.19"]
[EventType "swiss"]
[EventRounds "10"]
[EventCountry "ESP"]
[SourceTitle "CBM 174 Extra"]
[Source "ChessBase"]
[SourceDate "2016.10.10"]
[SourceVersion "1"]
[SourceVersionDate "2016.10.10"]
[SourceQuality "1"]

1. e4 c5 2. Nf3 d6 3. d4 Nf6 4. Nc3 cxd4 5. Qxd4 a6 6. Bg5 Nc6 7. Qd2 e6 8. 0-0-0 h6 9. Bh4 Be7 10. h3 b5 11. Qe3 Qc7 12. g4 Bb7 13. Bg3 Rc8 14. Bd3 Qa5 15. Nd2 0-0 16. Nb3 Qc7 17. Kb1 b4 18. Na4 Ne5 19. Rc1 Bc6 20. Nb6 Rb8 21. Bxe5 dxe5 22. Nc4 Bb5 23. Nba5 Rfc8 24. Rhg1 Nd7 25. g5 Bxg5 26. Rxg5 hxg5 27. Qxg5 Qd8 28. Qg3 Qf6 29. Nd6 Rc7 30. Bxb5 axb5 31. Rd1 Nf8 32. Rd3 Ng6 33. Rb3 Rd7 34. Nc6 Rxd6 0-1

[Event "Catalunya-chT Gp2 final"]
[Site "Barcelona"]
[Date "2016.04.09"]
[Round "3.4"]
[White "Ayza Leon, David"]
[Black "Menac Comas, Joan Ramon"]
[Result "1-0"]
[WhiteElo "2203"]
[BlackElo "2056"]
[PlyCount "71"]
[EventDate "2016.03.12"]
[EventType "team-tourn"]
[EventRounds "4"]
[EventCountry "ESP"]
[SourceTitle "EXT 2017"]
[Source "ChessBase"]
[SourceDate "2016.10.25"]
[SourceVersion "1"]
[SourceVersionDate "2016.10.25"]
[SourceQuality "1"]
[WhiteTeam "Peona I Peo"]
[BlackTeam "Catalunya"]
[WhiteTeamCountry "ESP"]
[BlackTeamCountry "ESP"]

1. e4 c5 2. a3 g6 3. d4 cxd4 4. Qxd4 Nf6 5. Bb5 a6 6. e5 Bg7 7. Ba4 Ng8 8. f4 Nh6 9. Nf3 0-0 10. Nc3 d6 11. 0-0 dxe5 12. Qxd8 Rxd8 13. Nxe5 Be6 14. Be3 b5 15. Bb3 Bxb3 16. cxb3 Bxe5 17. fxe5 Nf5 18. Bb6 Rd2 19. Rad1 Rxd1 20. Rxd1 Nc6 21. Nd5 Nxe5 22. Nc7 Rc8 23. h3 h5 24. Rd5 f6 25. Kf2 Kf7 26. Ke2 h4 27. Ba5 Nd6 28. b4 Ndc4 29. Nxa6 Nxb2 30. Nc7 Nbc4 31. Nxb5 Nxa5 32. bxa5 Ra8 33. Nd4 Nc4 34. Nc6 Nxa3 35. Kd3 Ke6 36. Kd4 1-0

[Event "Catalunya-chT Gp2 final"]
[Site "Barcelona"]
[Date "2016.04.02"]
[Round "2.4"]
[White "Menac Comas, Joan Ramon"]
[Black "Pena Marti, Jordi"]
[Result "0-1"]
[WhiteElo "2056"]
[BlackElo "2157"]
[PlyCount "64"]
[EventDate "2016.03.12"]
[EventType "team-tourn"]
[EventRounds "4"]
[EventCountry "ESP"]
[SourceTitle "CBM 171 Extra"]
[Source "ChessBase"]
[SourceDate "2016.04.26"]
[SourceVersion "1"]
[SourceVersionDate "2016.04.26"]
[SourceQuality "1"]
[WhiteTeam "Catalunya"]
[BlackTeam "Sant Boi"]
[WhiteTeamCountry "ESP"]
[BlackTeamCountry "ESP"]

1. e4 b6 2. d4 Bb7 3. Nc3 e6 4. Bd3 Nf6 5. Nf3 Bb4 6. 0-0 Bxc3 7. e5 Bb4 8. exf6 gxf6 9. c4 Bd6 10. Re1 Nc6 11. a3 a5 12. b3 Ne7 13. Bb2 Ng6 14. d5 0-0 15. g3 c6 16. Qd2 cxd5 17. Qh6 d4 18. Nxd4 Re8 19. Rad1 Bf8 20. Qh5 Rc8 21. f4 f5 22. Nf3 Qc7 23. Ng5 h6 24. Nxf7 Kxf7 25. Re5 Qc6 26. Be4 Bc5+ 27. Kf1 fxe4 28. Rf5+ exf5 29. Qxf5+ Kg8 30. Rxd7 Re7 31. Bf6 Qxd7 32. Qxg6+ Rg7 0-1

[Event "Catalunya-chT Gp1"]
[Site "Barcelona"]
[Date "2016.03.05"]
[Round "7.4"]
[White "Hernando Rodrigo, Julio Antonio"]
[Black "Menac Comas, Joan Ramon"]
[Result "1/2-1/2"]
[WhiteElo "2389"]
[BlackElo "2077"]
[PlyCount "90"]
[EventDate "2016.01.23"]
[EventType "team-tourn"]
[EventRounds "7"]
[EventCountry "ESP"]
[SourceTitle "EXT 2017"]
[Source "ChessBase"]
[SourceDate "2016.10.25"]
[SourceVersion "1"]
[SourceVersionDate "2016.10.25"]
[SourceQuality "1"]
[WhiteTeam "Barcelona Escola Escacs"]
[BlackTeam "Catalunya"]
[WhiteTeamCountry "ESP"]
[BlackTeamCountry "ESP"]

1. d4 g6 2. Nf3 Bg7 3. g3 c5 4. d5 b5 5. a4 b4 6. e4 d6 7. Bb5+ Bd7 8. 0-0 Nf6 9. Re1 0-0 10. Nbd2 Bg4 11. Bf1 Nbd7 12. h3 Bxf3 13. Nxf3 Qc7 14. Nd2 e6 15. dxe6 fxe6 16. Nc4 d5 17. exd5 exd5 18. Bf4 Qc6 19. Ne3 Rad8 20. Bg2 Nb6 21. a5 Na4 22. Bg5 Nxb2 23. Qb1 h6 24. Bxf6 Qxf6 25. Ng4 Qc3 26. Qa2 Nc4 27. Rad1 h5 28. Ne3 Bd4 29. Nxd5 Rxd5 30. Bxd5+ Kh8 31. Kh1 Bxf2 32. Qxc4 Bxe1 33. Qxc3+ Bxc3 34. Be4 Bd4 35. Bxg6 Rf3 36. Bxh5 Rxg3 37. Rd3 Rxd3 38. cxd3 b3 39. Bf7 b2 40. Ba2 Kg7 41. Kg2 a6 42. Kf3 Bc3 43. Ke4 Bxa5 44. Kd5 Bb4 45. Kc4 Kf6 1/2-1/2

[Event "Catalunya-chT Gp1"]
[Site "Barcelona"]
[Date "2016.02.27"]
[Round "6.1"]
[White "Panelo Munoz, Marcelo A"]
[Black "Menac Comas, Joan Ramon"]
[Result "1-0"]
[WhiteElo "2327"]
[BlackElo "2077"]
[PlyCount "79"]
[EventDate "2016.01.23"]
[EventType "team-tourn"]
[EventRounds "7"]
[EventCountry "ESP"]
[SourceTitle "EXT 2017"]
[Source "ChessBase"]
[SourceDate "2016.10.25"]
[SourceVersion "1"]
[SourceVersionDate "2016.10.25"]
[SourceQuality "1"]
[WhiteTeam "Sant Josep de Badalona"]
[BlackTeam "Catalunya"]
[WhiteTeamCountry "ESP"]
[BlackTeamCountry "ESP"]

1. d4 d5 2. Nf3 e6 3. c4 c6 4. Qc2 dxc4 5. Qxc4 Nf6 6. Bg5 b5 7. Qc2 Bb7 8. e4 h6 9. Bxf6 Qxf6 10. Nbd2 Nd7 11. Bd3 a6 12. 0-0 c5 13. e5 Qf4 14. Rfe1 Be7 15. Re4 Bxe4 16. Bxe4 0-0 17. g3 Qg4 18. Kg2 f5 19. Bxa8 Rxa8 20. a4 b4 21. a5 Rf8 22. Qc4 f4 23. d5 Qf5 24. d6 Bg5 25. g4 Qxg4+ 26. Kh1 Qf5 27. Re1 Bd8 28. Qxa6 g5 29. Qc6 Qf7 30. Nc4 Kh8 31. Qe4 g4 32. Nfd2 Qh5 33. Rg1 g3 34. Rg2 Qd1+ 35. Rg1 Qh5 36. fxg3 fxg3 37. Rxg3 Rf2 38. Nf3 Bg5 39. Kg1 Rxh2 40. Nxh2 1-0